000 00778cam a2200253 4500
001 4792
003 BD-RjUL
005 20211208233945.0
008 131223s1973 ilua 000 0 eng
020 _a0030891639
035 _a(BD-RjUL)4827
040 _aDLC
_cDLC
_dDLC
_beng
041 _aeng
082 0 0 _a338.43
_bROE 1973
100 1 _aRogers, A. J.
_q(Augustus James),
_d1929-
_915117
245 1 4 _aThe economics of crime /
_cA. J. Rogers III. With nasty but brilliant comments by Frank P. Besag.
260 _aHinsdale, Ill. :
_bDryden Press,
_cc1973.
300 _avi, 182 p. ;
_billus. ;
_c23 cm.
650 0 _aCrime
_xEconomic aspects
_zUnited States.
_915118
700 1 _aBesag, Frank P.
_915119
942 _2ddc
_cBK
999 _c4792
_d4792